1624 1086 1776 1174 1200 1364 1375 1758 1369 1817 1128 1020 1494 1667 1897 1179 1633 1921 1712 1140 1678 1495 1922 1664 1381 1885 1294 1135 1564 1539 1153 1981 1985 1194 1996 1609 1840 1726 1355 1051 1871 1245 1842 1953 1182 1866 1209 1121 1748 1891 1652 1417 1602 1252 1533 1695 1240 1568 1320 1488 1011 1837 1200 1415 1274 1692 1806 1417 1251 1366 1974 1187 1000 1296 1275 1822 1138 1508 1617 1287 1230 1818 1088 1444 1905 1124 1871 1092 1067 1190 1173 1630 1670 1650 1061 1178 1917 1327 1230 BCNSPRNW ULIB Ver.6.0+V

เปลี่ยนเป็นภาษาไทย

Change to English
 แสดงรายละเอียดบรรณานุกรม
  กลับหน้าหลัก

Brief Record : Get Marc (ISO 2709) : E-mail record : QR code < ปิดหน้าต่าง
LEADER : 00000nam 2200000uu 4500
001    13399112255
003     ULIB
008    110802s2554||||th 000 0 tha d
020    9789190603725
024    9789190603725
090    นว.^bฌ111ว 2554
100 0  ฌามิวอาห์
245 00 วิวาห์ปรารถนา/^cฌามิวอาห์
260    กรุงเทพฯ:^bแจ่มใส,^c2554.
400    ความรู้สึกดี...ที่เรียกว่ารัก
945    ^p239^l0^i18471
995    เกษร
999 ^a ใช้งานได้ทุกระบบ
รายการนี้ยังไม่มีแท็ก
คุณยังไม่ได้ล็อกอิน คุณสามารถมีกิจกรรมร่วมกับเว็บไซต์ได้ แต่ต้องล็อกอินก่อน ::
  ล็อกอิน

รายการสื่อสารสนเทศ

ลำดับที่ ประเภท เลขเรียก/บาร์โค้ด สถานที่ สถานะ
1. นวนิยาย
นวนิยาย
นว. ฌ111ว 2554  
  Barcode: 18471
ห้องสมุดวิทยาเขตสวรรค์ประชารักษ์
►นวนิยาย
บนชั้น
  ขอยืม

รายการใกล้เคียง
    ผู้แต่ง [ฌามิวอาห์]

BibComment


ยังไม่เคยถูกคอมเมนท์

คอมเมนท์ทรัพยากรรายการนี้
  คอมเมนท์: วิวาห์ปรารถนา ฌาม..


 Copyright 2026. Bcnsprnw @Library